Представление документа в формате RUSMARC

ПолеНазваниеЗначение
  Тип записи a
  Библиографический уровень m
001 Контрольный номер RU/IS/BASE/223747243
005 Дата корректировки 20210113165624.2
010 Индекс ISBN __
a ISBN 5-8183-0899-5
d Цена 270-00
101 Язык документа 0_
a Язык текста rus
200 Заглавие и сведения об ответственности 1_
a Заглавие Поручи поиск человеку
e Сведения, относящиеся к заглавию виртуал. справ. службы в современ. б-ках
f Первые сведения об ответственности И. Б. Михнова и [др.]
210 Выходные данные 1_
a Место издания М.
c Издательство Фаир-Пресс
d Дата издания 2005
215 Физическое описание __
a Объем 294, [10] c., [17] л. ил.
225 Серия (Журнальная рубрика) 2_
a Серия (Журнальная рубрика) Специальный издательский проект для библиотек
318 Примечание о действии __
a Действие п
330 Аннотация __
a Аннотация Виртуальная справка-это справочная служба, функционирующая с помощью электронных технологий, часто в реальном масштабе времени.
606 Тематические рубрики __
a Основная рубрика Библиотечное дело
608 Указатель предметных рубрик __
a Жанр/форма научно-популярное издание
610 Ключевые слова 0_
a Ключевые слова библиотеки
a Ключевые слова Интернет
a Ключевые слова справки виртуальные
a Ключевые слова электронная доставка документа
a Ключевые слова ЭДД
686 Индексы других классификаций __
a Индекс ББК 78.30
801 Источник записи _0
a Страна RU
b Организация ЦРБ, Белый Яр
g Правила каталогизации ОКиО/Зайцева
801 Источник записи _1
a Страна RU
b Организация ЦРБ, Белый Яр
g Правила каталогизации ОКиО/Зайцева
852 Данные о местонахождении __
j Шифр хранения 78.30
i Авторский знак П 602
p Инвентарный номер 67601
b Сигла хранения МО
901 Тип документа __
t Тип документа m
905 Дата создания БЗ __
a Дата создания БЗ 2007.02.02
990 Данные о заказе (DOS) __
j Количество экземпляров (DOS) 1
h N записи в КСУ для Б/У (DOS) 2007-1